| 000 | 00497nam a22001937a 4500 | ||
|---|---|---|---|
| 003 | MPLRDC | ||
| 005 | 20220104144522.0 | ||
| 008 | 210129b ||||| |||| 00| 0 eng d | ||
| 020 | _a986-7894-05-7 | ||
| 082 | _a428.8 DIE-2 | ||
| 100 | _aULRICH DIEKMEYER | ||
| 245 |
_a新手父母的4岁孩子 _c关旭玲 译 |
||
| 250 | _a初版 | ||
| 260 |
_a _b新手父母出版 _c2002 |
||
| 300 | _b平 | ||
| 490 | _a0~6岁育儿新经典. 04 | ||
| 650 | _a育儿--教养 | ||
| 942 |
_cBK _o428.8 DIE-2 |
||
| 999 |
_c50400 _d50390 |
||